00225nam a2200097Ia 4500008004100000082001400041100002200055245001700077260001800094600001500112241002s9999 xx 000 0 und d a808.3 SAR aSartre, Jean Paul 4aThe Reprieve aLondon:c1966 aLiterature